[Event "DVM U20w 2023"]
[Site "Magdeburg GER"]
[Date "2023.12.29"]
[Round "5"]
[White "Wilmink, Anna"]
[Black "Müdder, Melanie"]
[Result "1/2-1/2"]
[Termination "normal"]
[Board "1.1"]
[WhiteElo "1826"]
[BlackElo "1888"]
[WhiteClock "00:13:22"]
[BlackClock "00:16:56"]
[WhiteTeam "SK Nordhorn-Blanke"]
[BlackTeam "SG Solingen"]
[PlyCount "98"]
[WhiteFideId "16273680"]
[BlackFideId "12994103"]
[EventCountry "GER"]
[EventRounds "7"]
[EventType "team-swiss"]
[EventDate "2023.12.26"]

1. e4 {[%clk 01:30:58]} {[%emt 00:00:02]} c5 {[%clk 01:30:54]} {[%emt
00:00:07]} 2. Nf3 {[%clk 01:31:21]} {[%emt 00:00:06]} e6 {[%clk 01:31:15]}
{[%emt 00:00:09]} 3. d4 {[%clk 01:31:32]} {[%emt 00:00:19]} cxd4 {[%clk
01:31:39]} {[%emt 00:00:07]} 4. Nxd4 {[%clk 01:31:55]} {[%emt 00:00:06]} Nf6
{[%clk 01:31:58]} {[%emt 00:00:11]} 5. Nc3 {[%clk 01:30:29]} {[%emt 00:01:56]}
Nc6 {[%clk 01:31:47]} {[%emt 00:00:42]} 6. Ndb5 {[%clk 01:13:20]} {[%emt
00:17:39]} d6 {[%clk 01:31:11]} {[%emt 00:01:06]} 7. Be2 {[%clk 01:10:20]}
{[%emt 00:03:30]} a6 {[%clk 01:28:38]} {[%emt 00:03:03]} 8. Nd4 {[%clk
01:09:02]} {[%emt 00:01:48]} Be7 {[%clk 01:22:05]} {[%emt 00:07:03]} 9. O-O
{[%clk 01:06:19]} {[%emt 00:03:14]} O-O {[%clk 01:21:13]} {[%emt 00:01:21]} 10.
Be3 {[%clk 01:03:58]} {[%emt 00:02:52]} Qc7 {[%clk 01:15:47]} {[%emt 00:05:56]}
11. Nb3 {[%clk 00:58:15]} {[%emt 00:06:12]} b5 {[%clk 01:09:26]} {[%emt
00:06:52]} 12. a3 {[%clk 00:51:37]} {[%emt 00:07:07]} Ne5 {[%clk 01:02:24]}
{[%emt 00:07:32]} 13. Nd2 {[%clk 00:48:04]} {[%emt 00:04:03]} Bb7 {[%clk
00:56:42]} {[%emt 00:06:12]} 14. f4 {[%clk 00:42:26]} {[%emt 00:06:08]} Nc4
{[%clk 00:50:09]} {[%emt 00:07:02]} 15. Nxc4 {[%clk 00:40:38]} {[%emt
00:02:19]} bxc4 {[%clk 00:50:33]} {[%emt 00:00:06]} 16. Bf3 {[%clk 00:40:17]}
{[%emt 00:00:50]} d5 {[%clk 00:37:00]} {[%emt 00:14:04]} 17. e5 {[%clk
00:33:50]} {[%emt 00:06:57]} Nd7 {[%clk 00:35:44]} {[%emt 00:01:45]} 18. Ne2
{[%clk 00:30:18]} {[%emt 00:04:02]} Nc5 {[%clk 00:29:50]} {[%emt 00:06:25]} 19.
b4 {[%clk 00:23:20]} {[%emt 00:07:28]} Ne4 {[%clk 00:22:11]} {[%emt 00:08:09]}
20. Nd4 {[%clk 00:18:01]} {[%emt 00:05:50]} c3 {[%clk 00:15:11]} {[%emt
00:07:29]} 21. Qd3 {[%clk 00:15:23]} {[%emt 00:03:07]} Rfc8 {[%clk 00:13:21]}
{[%emt 00:02:21]} 22. Rfb1 {[%clk 00:13:09]} {[%emt 00:02:44]} Nd2 {[%clk
00:09:02]} {[%emt 00:04:48]} 23. Bxd2 {[%clk 00:10:54]} {[%emt 00:02:46]} cxd2
{[%clk 00:09:29]} {[%emt 00:00:03]} 24. Qxd2 {[%clk 00:09:58]} {[%emt
00:01:26]} Qc3 {[%clk 00:05:20]} {[%emt 00:04:39]} 25. Qxc3 {[%clk 00:09:06]}
{[%emt 00:01:23]} Rxc3 {[%clk 00:05:46]} {[%emt 00:00:03]} 26. Bd1 {[%clk
00:06:02]} {[%emt 00:03:34]} g5 {[%clk 00:04:15]} {[%emt 00:02:01]} 27. g3
{[%clk 00:02:54]} {[%emt 00:03:38]} gxf4 {[%clk 00:03:50]} {[%emt 00:00:55]}
28. gxf4 {[%clk 00:01:52]} {[%emt 00:01:31]} Kh8 {[%clk 00:04:14]} {[%emt
00:00:06]} 29. Rb3 {[%clk 00:01:10]} {[%emt 00:01:13]} Rg8+ {[%clk 00:04:35]}
{[%emt 00:00:09]} 30. Kf1 {[%clk 00:00:49]} {[%emt 00:00:51]} Rc4 {[%clk
00:04:41]} {[%emt 00:00:24]} 31. Ne2 {[%clk 00:00:56]} {[%emt 00:00:22]} f6
{[%clk 00:04:11]} {[%emt 00:01:00]} 32. Rg3 {[%clk 00:00:55]} {[%emt 00:00:32]}
fxe5 {[%clk 00:03:57]} {[%emt 00:00:44]} 33. Rxg8+ {[%clk 00:00:44]} {[%emt
00:00:41]} Kxg8 {[%clk 00:04:20]} {[%emt 00:00:06]} 34. fxe5 {[%clk 00:01:06]}
{[%emt 00:00:08]} Re4 {[%clk 00:03:32]} {[%emt 00:01:19]} 35. Ng3 {[%clk
00:01:17]} {[%emt 00:00:18]} Rxe5 {[%clk 00:02:34]} {[%emt 00:01:28]} 36. Bg4
{[%clk 00:01:11]} {[%emt 00:00:36]} Bf6 {[%clk 00:01:59]} {[%emt 00:01:06]} 37.
Rc1 {[%clk 00:00:51]} {[%emt 00:00:51]} Kf7 {[%clk 00:01:31]} {[%emt 00:00:57]}
38. Kg1 {[%clk 00:00:37]} {[%emt 00:00:44]} Rg5 {[%clk 00:01:32]} {[%emt
00:00:29]} 39. Bh5+ {[%clk 00:00:35]} {[%emt 00:00:32]} Kg7 {[%clk 00:01:44]}
{[%emt 00:00:17]} 40. Kf2 {[%clk 00:00:35]} {[%emt 00:00:31]} Bd4+ {[%clk
00:01:01]} {[%emt 00:01:12]} 41. Ke2 {[%clk 00:27:27]} {[%emt 00:03:39]} Bc6
{[%clk 00:28:31]} {[%emt 00:03:00]} 42. Bf3 {[%clk 00:23:49]} {[%emt 00:04:07]}
Bb5+ {[%clk 00:21:32]} {[%emt 00:07:29]} 43. Kd2 {[%clk 00:23:00]} {[%emt
00:01:20]} Re5 {[%clk 00:21:26]} {[%emt 00:00:35]} 44. Rd1 {[%clk 00:21:23]}
{[%emt 00:02:07]} Re3 {[%clk 00:17:49]} {[%emt 00:04:07]} 45. Bxd5 {[%clk
00:16:45]} {[%emt 00:05:09]} Rxg3 {[%clk 00:17:38]} {[%emt 00:00:42]} 46. hxg3
{[%clk 00:16:43]} {[%emt 00:00:32]} exd5 {[%clk 00:18:03]} {[%emt 00:00:05]}
47. c3 {[%clk 00:15:33]} {[%emt 00:01:39]} Bf6 {[%clk 00:17:34]} {[%emt
00:00:59]} 48. Ra1 {[%clk 00:13:15]} {[%emt 00:02:48]} d4 {[%clk 00:17:01]}
{[%emt 00:01:03]} 49. cxd4 {[%clk 00:13:22]} {[%emt 00:00:23]} Bxd4 {[%clk
00:16:56]} {[%emt 00:00:34]} 1/2-1/2

[Event "DVM U20w 2023"]
[Site "Magdeburg GER"]
[Date "2023.12.29"]
[Round "5"]
[White "Sereda, Yaroslava"]
[Black "Garbuz, Nicole"]
[Result "1/2-1/2"]
[Termination "normal"]
[Board "1.2"]
[WhiteElo "1958"]
[BlackElo "1847"]
[WhiteClock "00:02:17"]
[BlackClock "00:05:19"]
[WhiteTeam "SG Solingen"]
[BlackTeam "SK Nordhorn-Blanke"]
[PlyCount "57"]
[WhiteFideId "14178940"]
[BlackFideId "12990701"]
[EventCountry "GER"]
[EventRounds "7"]
[EventType "team-swiss"]
[EventDate "2023.12.26"]

1. e4 {[%clk 01:30:58]} {[%emt 00:00:02]} e5 {[%clk 01:30:57]} {[%emt
00:00:04]} 2. Nf3 {[%clk 01:31:18]} {[%emt 00:00:10]} Nc6 {[%clk 01:31:21]}
{[%emt 00:00:05]} 3. Bb5 {[%clk 01:31:38]} {[%emt 00:00:11]} a6 {[%clk
01:31:45]} {[%emt 00:00:05]} 4. Ba4 {[%clk 01:31:57]} {[%emt 00:00:12]} d6
{[%clk 01:31:57]} {[%emt 00:00:18]} 5. c3 {[%clk 01:29:48]} {[%emt 00:02:39]}
f5 {[%clk 01:32:10]} {[%emt 00:00:17]} 6. d3 {[%clk 01:21:38]} {[%emt
00:08:39]} Nf6 {[%clk 01:27:54]} {[%emt 00:04:47]} 7. Qe2 {[%clk 01:06:55]}
{[%emt 00:15:12]} Be7 {[%clk 01:26:25]} {[%emt 00:01:59]} 8. O-O {[%clk
01:04:09]} {[%emt 00:03:16]} fxe4 {[%clk 01:10:41]} {[%emt 00:16:15]} 9. dxe4
{[%clk 01:04:33]} {[%emt 00:00:06]} b5 {[%clk 00:59:18]} {[%emt 00:11:53]} 10.
Bc2 {[%clk 01:02:17]} {[%emt 00:02:46]} O-O {[%clk 00:52:33]} {[%emt 00:07:14]}
11. Bb3+ {[%clk 00:44:33]} {[%emt 00:18:13]} Kh8 {[%clk 00:52:08]} {[%emt
00:00:55]} 12. Ng5 {[%clk 00:43:29]} {[%emt 00:01:35]} Qe8 {[%clk 00:51:27]}
{[%emt 00:01:11]} 13. Ne6 {[%clk 00:42:20]} {[%emt 00:01:39]} Bxe6 {[%clk
00:51:42]} {[%emt 00:00:15]} 14. Bxe6 {[%clk 00:42:41]} {[%emt 00:00:08]} Bd8
{[%clk 00:39:05]} {[%emt 00:13:07]} 15. Bb3 {[%clk 00:40:11]} {[%emt 00:03:01]}
Qg6 {[%clk 00:28:49]} {[%emt 00:10:47]} 16. Bc2 {[%clk 00:33:16]} {[%emt
00:07:25]} Nh5 {[%clk 00:26:57]} {[%emt 00:02:22]} 17. Be3 {[%clk 00:26:48]}
{[%emt 00:06:57]} Bg5 {[%clk 00:23:16]} {[%emt 00:04:11]} 18. Nd2 {[%clk
00:25:41]} {[%emt 00:01:37]} Bxe3 {[%clk 00:21:59]} {[%emt 00:01:47]} 19. fxe3
{[%clk 00:22:14]} {[%emt 00:03:58]} Nf6 {[%clk 00:21:13]} {[%emt 00:01:15]} 20.
Rf3 {[%clk 00:21:24]} {[%emt 00:01:20]} Ne7 {[%clk 00:15:29]} {[%emt 00:06:13]}
21. Rg3 {[%clk 00:16:57]} {[%emt 00:04:57]} Qe8 {[%clk 00:14:32]} {[%emt
00:01:27]} 22. Nf3 {[%clk 00:14:40]} {[%emt 00:02:47]} Ng6 {[%clk 00:11:06]}
{[%emt 00:03:57]} 23. Ng5 {[%clk 00:13:09]} {[%emt 00:02:01]} h6 {[%clk
00:04:55]} {[%emt 00:06:41]} 24. Nf3 {[%clk 00:12:47]} {[%emt 00:00:51]} Nh5
{[%clk 00:04:05]} {[%emt 00:01:21]} 25. Rg4 {[%clk 00:10:02]} {[%emt 00:03:15]}
Nf6 {[%clk 00:04:21]} {[%emt 00:00:14]} 26. Rg3 {[%clk 00:09:58]} {[%emt
00:00:34]} Nh5 {[%clk 00:04:46]} {[%emt 00:00:04]} 27. Rg4 {[%clk 00:05:54]}
{[%emt 00:04:35]} Nf6 {[%clk 00:04:53]} {[%emt 00:00:21]} 28. Rg3 {[%clk
00:05:55]} {[%emt 00:00:30]} Nh5 {[%clk 00:05:19]} {[%emt 00:00:04]} 29. Rg4
{[%clk 00:02:17]} 1/2-1/2

[Event "DVM U20w 2023"]
[Site "Magdeburg GER"]
[Date "2023.12.29"]
[Round "5"]
[White "Brunner, Sophia"]
[Black "Rudolph, Eva"]
[Result "1-0"]
[Termination "normal"]
[Board "1.3"]
[WhiteElo "1777"]
[BlackElo "1755"]
[BlackClock "00:00:00"]
[WhiteTeam "SK Nordhorn-Blanke"]
[BlackTeam "SG Solingen"]
[PlyCount "83"]
[WhiteFideId "12960683"]
[BlackFideId "16200594"]
[EventCountry "GER"]
[EventRounds "7"]
[EventType "team-swiss"]
[EventDate "2023.12.26"]

1. b3 e5 2. Bb2 Nc6 3. c4 Nf6 4. g3 Bc5 5. Bg2 O-O 6. d3 Ng4 7. e3 d6 8. Nf3
Bxe3 9. fxe3 Nxe3 10. Qd2 Nb4 11. Na3 Nxg2+ 12. Kf2 a5 13. Kxg2 f5 14. Nc2 Nc6
15. h3 f4 16. g4 Be6 17. Qe1 Qd7 18. Qh4 Rf6 19. Rh2 Rh6 20. Qf2 Rf8 21. Kf1
Bf7 22. Rd1 Rf6 23. Ng5 Bg6 24. Qf3 h6 25. Ne4 R6f7 26. Kf2 Ra8 27. h4 Qe7 28.
a3 a4 29. b4 Rff8 30. h5 Bh7 31. Rg1 Nd8 32. Ne1 Ne6 33. Ng2 Ng5 34. Nxg5 hxg5
35. h6 gxh6 36. Rxh6 b6 37. Rgh1 e4 38. dxe4 Bxe4 39. Rh8+ Kf7 40. R1h7+ Kg6
41. Rxe7 Bxf3 42. Rg7# 1-0

[Event "DVM U20w 2023"]
[Site "Magdeburg GER"]
[Date "2023.12.29"]
[Round "5"]
[White "Fetahovic, Sarah"]
[Black "Hallfarth, Luise"]
[Result "0-1"]
[Termination "normal"]
[Board "1.4"]
[WhiteElo "1579"]
[BlackElo "1453"]
[WhiteClock "00:00:45"]
[BlackClock "00:20:12"]
[WhiteTeam "SG Solingen"]
[BlackTeam "SK Nordhorn-Blanke"]
[PlyCount "50"]
[WhiteFideId "34601546"]
[BlackFideId "16250222"]
[EventCountry "GER"]
[EventRounds "7"]
[EventType "team-swiss"]
[EventDate "2023.12.26"]

1. e4 {[%clk 01:30:55]} {[%emt 00:00:05]} c5 {[%clk 01:30:48]} {[%emt
00:00:12]} 2. Be2 {[%clk 01:31:04]} {[%emt 00:00:22]} Nf6 {[%clk 01:28:22]}
{[%emt 00:02:54]} 3. d3 {[%clk 01:31:16]} {[%emt 00:00:19]} d5 {[%clk
01:26:06]} {[%emt 00:02:45]} 4. e5 {[%clk 01:30:35]} {[%emt 00:01:12]} Nfd7
{[%clk 01:25:02]} {[%emt 00:01:33]} 5. f4 {[%clk 01:30:44]} {[%emt 00:00:22]}
e6 {[%clk 01:23:13]} {[%emt 00:02:19]} 6. Nf3 {[%clk 01:30:23]} {[%emt
00:00:51]} Be7 {[%clk 01:21:26]} {[%emt 00:02:16]} 7. O-O {[%clk 01:29:13]}
{[%emt 00:01:41]} O-O {[%clk 01:20:11]} {[%emt 00:01:46]} 8. c4 {[%clk
01:14:30]} {[%emt 00:15:12]} Qb6 {[%clk 01:10:45]} {[%emt 00:09:54]} 9. g4
{[%clk 01:01:13]} {[%emt 00:13:49]} f6 {[%clk 01:07:02]} {[%emt 00:04:13]} 10.
exf6 {[%clk 00:46:42]} {[%emt 00:15:01]} Bxf6 {[%clk 00:54:28]} {[%emt
00:13:04]} 11. Nc3 {[%clk 00:38:35]} {[%emt 00:08:37]} Bd4+ {[%clk 00:39:00]}
{[%emt 00:15:58]} 12. Nxd4 {[%clk 00:18:52]} {[%emt 00:20:13]} cxd4 {[%clk
00:39:09]} {[%emt 00:00:21]} 13. Na4 {[%clk 00:19:11]} {[%emt 00:00:11]} Qd6
{[%clk 00:37:11]} {[%emt 00:02:28]} 14. b3 {[%clk 00:06:17]} {[%emt 00:13:25]}
Nc6 {[%clk 00:34:22]} {[%emt 00:03:18]} 15. Bf3 {[%clk 00:05:33]} {[%emt
00:01:14]} dxc4 {[%clk 00:33:39]} {[%emt 00:01:13]} 16. dxc4 {[%clk 00:05:34]}
{[%emt 00:00:29]} e5 {[%clk 00:32:20]} {[%emt 00:01:49]} 17. fxe5 {[%clk
00:05:21]} {[%emt 00:00:43]} Ndxe5 {[%clk 00:31:54]} {[%emt 00:00:56]} 18. h3
{[%clk 00:02:35]} {[%emt 00:03:16]} Nxf3+ {[%clk 00:27:05]} {[%emt 00:05:18]}
19. Rxf3 {[%clk 00:03:01]} {[%emt 00:00:05]} Bd7 {[%clk 00:25:43]} {[%emt
00:01:52]} 20. c5 {[%clk 00:00:50]} {[%emt 00:02:41]} Qd5 {[%clk 00:24:42]}
{[%emt 00:01:28]} 21. Rg3 {[%clk 00:00:36]} {[%emt 00:00:47]} Ne5 {[%clk
00:23:40]} {[%emt 00:01:32]} 22. Nc3 {[%clk 00:00:33]} {[%emt 00:00:33]} Qf7
{[%clk 00:20:19]} {[%emt 00:03:46]} 23. Ne2 {[%clk 00:00:36]} {[%emt 00:00:32]}
Qf2+ {[%clk 00:20:01]} {[%emt 00:00:46]} 24. Kh1 {[%clk 00:01:03]} {[%emt
00:00:05]} Bc6+ {[%clk 00:19:54]} {[%emt 00:00:37]} 25. Rg2 {[%clk 00:00:45]}
{[%emt 00:00:49]} Qxg2# {[%clk 00:20:12]} {[%emt 00:00:11]} 0-1

[Event "DVM U20w 2023"]
[Site "Magdeburg GER"]
[Date "2023.12.29"]
[Round "5"]
[White "Basovskiy, Jana"]
[Black "Hafermann, Lara"]
[Result "1/2-1/2"]
[Termination "normal"]
[Board "2.1"]
[WhiteElo "1847"]
[BlackElo "1575"]
[WhiteClock "00:02:33"]
[BlackClock "00:06:18"]
[WhiteTeam "Karlsruher SF 1853"]
[BlackTeam "SC Borussia Lichtenberg"]
[PlyCount "131"]
[WhiteFideId "16208617"]
[BlackFideId "16298306"]
[EventCountry "GER"]
[EventRounds "7"]
[EventType "team-swiss"]
[EventDate "2023.12.26"]

1. e4 {[%clk 01:30:58]} {[%emt 00:00:02]} d5 {[%clk 01:30:19]} {[%emt
00:00:42]} 2. exd5 {[%clk 01:31:22]} {[%emt 00:00:05]} Qxd5 {[%clk 01:30:44]}
{[%emt 00:00:05]} 3. Nc3 {[%clk 01:31:47]} {[%emt 00:00:06]} Qd6 {[%clk
01:31:09]} {[%emt 00:00:05]} 4. d4 {[%clk 01:32:09]} {[%emt 00:00:09]} Nf6
{[%clk 01:31:26]} {[%emt 00:00:12]} 5. Nf3 {[%clk 01:32:29]} {[%emt 00:00:09]}
c6 {[%clk 01:31:41]} {[%emt 00:00:15]} 6. Ne5 {[%clk 01:32:39]} {[%emt
00:00:20]} Bf5 {[%clk 01:31:30]} {[%emt 00:00:42]} 7. Bc4 {[%clk 01:08:33]}
{[%emt 00:24:35]} e6 {[%clk 01:30:37]} {[%emt 00:01:23]} 8. Bf4 {[%clk
01:08:34]} {[%emt 00:00:28]} Qd8 {[%clk 01:28:29]} {[%emt 00:02:40]} 9. O-O
{[%clk 01:02:44]} {[%emt 00:06:20]} Be7 {[%clk 01:26:18]} {[%emt 00:02:40]} 10.
Re1 {[%clk 01:01:35]} {[%emt 00:01:40]} O-O {[%clk 01:26:30]} {[%emt 00:00:18]}
11. Bb3 {[%clk 00:53:02]} {[%emt 00:09:03]} Nbd7 {[%clk 01:07:06]} {[%emt
00:19:53]} 12. Qf3 {[%clk 00:46:23]} {[%emt 00:07:08]} Nb6 {[%clk 01:02:31]}
{[%emt 00:05:07]} 13. Rad1 {[%clk 00:44:17]} {[%emt 00:02:36]} a5 {[%clk
01:00:16]} {[%emt 00:02:45]} 14. a4 {[%clk 00:39:33]} {[%emt 00:05:14]} Nbd5
{[%clk 00:58:59]} {[%emt 00:01:46]} 15. Bg3 {[%clk 00:39:51]} {[%emt 00:00:12]}
Nb4 {[%clk 00:54:38]} {[%emt 00:04:52]} 16. Qe2 {[%clk 00:37:17]} {[%emt
00:03:01]} Qb6 {[%clk 00:51:45]} {[%emt 00:03:26]} 17. Nc4 {[%clk 00:33:07]}
{[%emt 00:04:40]} Qa7 {[%clk 00:44:57]} {[%emt 00:07:18]} 18. h3 {[%clk
00:29:30]} {[%emt 00:04:06]} Nfd5 {[%clk 00:40:53]} {[%emt 00:04:35]} 19. Nxd5
{[%clk 00:24:47]} {[%emt 00:05:12]} cxd5 {[%clk 00:37:13]} {[%emt 00:04:10]}
20. Nd6 {[%clk 00:17:05]} {[%emt 00:08:12]} Bg6 {[%clk 00:26:57]} {[%emt
00:10:46]} 21. Nb5 {[%clk 00:17:08]} {[%emt 00:00:27]} Qb6 {[%clk 00:26:40]}
{[%emt 00:00:47]} 22. c3 {[%clk 00:13:54]} {[%emt 00:03:45]} Nc6 {[%clk
00:26:31]} {[%emt 00:00:39]} 23. Bc7 {[%clk 00:13:11]} {[%emt 00:01:12]} Qa6
{[%clk 00:26:49]} {[%emt 00:00:12]} 24. Qe3 {[%clk 00:11:18]} {[%emt 00:02:22]}
Na7 {[%clk 00:22:29]} {[%emt 00:04:51]} 25. Qe2 {[%clk 00:04:10]} {[%emt
00:07:38]} Bd8 {[%clk 00:13:58]} {[%emt 00:09:01]} 26. Bxd8 {[%clk 00:03:27]}
{[%emt 00:01:13]} Rfxd8 {[%clk 00:13:32]} {[%emt 00:00:56]} 27. Nxa7 {[%clk
00:03:17]} {[%emt 00:00:41]} Qxe2 {[%clk 00:12:09]} {[%emt 00:01:52]} 28. Rxe2
{[%clk 00:03:45]} {[%emt 00:00:03]} Rxa7 {[%clk 00:12:26]} {[%emt 00:00:12]}
29. Re3 {[%clk 00:03:07]} {[%emt 00:01:07]} Rb8 {[%clk 00:08:46]} {[%emt
00:04:11]} 30. Rd2 {[%clk 00:02:27]} {[%emt 00:01:10]} b5 {[%clk 00:08:45]}
{[%emt 00:00:32]} 31. axb5 {[%clk 00:02:15]} {[%emt 00:00:41]} a4 {[%clk
00:07:50]} {[%emt 00:01:25]} 32. Bd1 {[%clk 00:02:17]} {[%emt 00:00:28]} Rxb5
{[%clk 00:07:30]} {[%emt 00:00:50]} 33. Be2 {[%clk 00:02:32]} {[%emt 00:00:15]}
Rb6 {[%clk 00:03:21]} {[%emt 00:04:40]} 34. Bf3 {[%clk 00:02:49]} {[%emt
00:00:13]} h6 {[%clk 00:03:10]} {[%emt 00:00:41]} 35. Bd1 {[%clk 00:02:53]}
{[%emt 00:00:25]} a3 {[%clk 00:03:16]} {[%emt 00:00:25]} 36. bxa3 {[%clk
00:03:14]} {[%emt 00:00:09]} Rxa3 {[%clk 00:03:38]} {[%emt 00:00:08]} 37. Kh2
{[%clk 00:01:15]} {[%emt 00:02:27]} Rc6 {[%clk 00:03:39]} {[%emt 00:00:30]} 38.
c4 {[%clk 00:00:57]} {[%emt 00:00:49]} Rxe3 {[%clk 00:04:00]} {[%emt 00:00:09]}
39. cxd5 {[%clk 00:00:50]} {[%emt 00:00:37]} Rxh3+ {[%clk 00:03:53]} {[%emt
00:00:36]} 40. Kxh3 {[%clk 00:01:11]} {[%emt 00:00:09]} exd5 {[%clk 00:02:47]}
{[%emt 00:01:36]} 41. Bf3 {[%clk 00:00:34]} {[%emt 00:01:06]} Be4 {[%clk
00:30:06]} {[%emt 00:03:12]} 42. Bd1 {[%clk 00:20:33]} {[%emt 00:10:30]} g5
{[%clk 00:26:03]} {[%emt 00:04:34]} 43. Kg3 {[%clk 00:17:49]} {[%emt 00:03:14]}
Rc3+ {[%clk 00:21:28]} {[%emt 00:05:06]} 44. f3 {[%clk 00:16:51]} {[%emt
00:01:28]} Rd3 {[%clk 00:21:25]} {[%emt 00:00:31]} 45. Rxd3 {[%clk 00:16:38]}
{[%emt 00:00:45]} Bxd3 {[%clk 00:21:49]} {[%emt 00:00:06]} 46. f4 {[%clk
00:11:47]} {[%emt 00:05:20]} Kg7 {[%clk 00:17:32]} {[%emt 00:04:47]} 47. fxg5
{[%clk 00:09:07]} {[%emt 00:03:10]} hxg5 {[%clk 00:18:00]} {[%emt 00:00:02]}
48. Ba4 {[%clk 00:07:07]} {[%emt 00:02:30]} Kf6 {[%clk 00:17:05]} {[%emt
00:01:25]} 49. Bd7 {[%clk 00:04:25]} {[%emt 00:03:12]} Bf5 {[%clk 00:17:33]}
{[%emt 00:00:02]} 50. Bc6 {[%clk 00:04:45]} {[%emt 00:00:10]} Ke6 {[%clk
00:16:18]} {[%emt 00:01:46]} 51. Ba4 {[%clk 00:05:03]} {[%emt 00:00:11]} Bd3
{[%clk 00:15:41]} {[%emt 00:01:07]} 52. Bc6 {[%clk 00:03:52]} {[%emt 00:01:42]}
Ba6 {[%clk 00:11:01]} {[%emt 00:05:09]} 53. Kg4 {[%clk 00:03:39]} {[%emt
00:00:43]} f6 {[%clk 00:10:59]} {[%emt 00:00:32]} 54. Kf3 {[%clk 00:03:17]}
{[%emt 00:00:53]} Kd6 {[%clk 00:06:44]} {[%emt 00:04:45]} 55. Ba4 {[%clk
00:03:40]} {[%emt 00:00:06]} Bc8 {[%clk 00:07:00]} {[%emt 00:00:14]} 56. g4
{[%clk 00:01:54]} {[%emt 00:02:17]} Kc7 {[%clk 00:06:42]} {[%emt 00:00:47]} 57.
Bb3 {[%clk 00:02:08]} {[%emt 00:00:16]} Kc6 {[%clk 00:06:32]} {[%emt 00:00:40]}
58. Bd1 {[%clk 00:02:05]} {[%emt 00:00:33]} Kb5 {[%clk 00:06:27]} {[%emt
00:00:35]} 59. Ke3 {[%clk 00:01:37]} {[%emt 00:00:58]} Kb4 {[%clk 00:06:46]}
{[%emt 00:00:11]} 60. Be2 {[%clk 00:01:21]} {[%emt 00:00:45]} Kc3 {[%clk
00:06:46]} {[%emt 00:00:31]} 61. Bf3 {[%clk 00:01:42]} {[%emt 00:00:09]} Be6
{[%clk 00:06:35]} {[%emt 00:00:42]} 62. Be2 {[%clk 00:01:32]} {[%emt 00:00:38]}
f5 {[%clk 00:06:18]} {[%emt 00:00:48]} 63. gxf5 {[%clk 00:01:47]} {[%emt
00:00:16]} Bxf5 {[%clk 00:06:38]} {[%emt 00:00:09]} 64. Bf3 {[%clk 00:02:08]}
{[%emt 00:00:08]} Be6 {[%clk 00:06:39]} {[%emt 00:00:29]} 65. Bg2 {[%clk
00:02:18]} {[%emt 00:00:21]} g4 {[%clk 00:06:18]} {[%emt 00:00:50]} 66. Bh1
{[%clk 00:02:33]} {[%emt 00:00:16]} *